|
|
|
|
| LEADER |
02007nam a2200577 i 4500 |
| 001 |
nkc20162781939 |
| 003 |
CZ PrNK |
| 005 |
20160412084545.0 |
| 007 |
ta |
| 008 |
160310s2015 xr a g 000 0acze |
| 015 |
|
|
|a cnb002781939
|
| 020 |
|
|
|a 978-80-7495-777-2
|q (brožováno)
|
| 035 |
|
|
|a (OCoLC)949214622
|
| 040 |
|
|
|a ABA001
|b cze
|e rda
|
| 043 |
|
|
|a e-xr---
|a e-cs---
|
| 045 |
|
|
|a x7x8
|
| 072 |
|
7 |
|a 394
|x Veřejný a společenský život. Každodenní život
|2 Konspekt
|9 1
|
| 072 |
|
7 |
|a 929
|x Biografie
|2 Konspekt
|9 8
|
| 080 |
|
|
|a 070.4-055.2
|2 MRF
|
| 080 |
|
|
|a 929
|2 MRF
|
| 080 |
|
|
|a 394
|2 MRF
|
| 080 |
|
|
|a 316.728
|2 MRF
|
| 080 |
|
|
|a (437.3)
|2 MRF
|
| 080 |
|
|
|a (437)
|2 MRF
|
| 080 |
|
|
|a (0:82-94)
|2 MRF
|
| 100 |
1 |
|
|a Šimonovská, Karla,
|d 1973-
|7 xx0202548
|4 aut
|
| 245 |
1 |
0 |
|a Zrzavé dětství v socialismu /
|c Karla Šimonovská
|
| 264 |
|
1 |
|a Praha :
|b e-bohém,
|c 2015
|
| 300 |
|
|
|a 202 stran ;
|c 21 cm
|
| 336 |
|
|
|a text
|b txt
|2 rdacontent
|
| 337 |
|
|
|a bez média
|b n
|2 rdamedia
|
| 338 |
|
|
|a svazek
|b nc
|2 rdacarrier
|
| 490 |
1 |
|
|a Moderní próza
|
| 600 |
1 |
7 |
|a Šimonovská, Karla,
|d 1973-
|7 xx0202548
|2 czenas
|
| 648 |
|
7 |
|a 20.-21. století
|7 ch462155
|2 czenas
|
| 648 |
|
7 |
|a 1968-1989
|7 ch460679
|2 czenas
|
| 648 |
|
4 |
|a 1973-1989
|
| 650 |
0 |
7 |
|a publicistky
|7 ph202175
|z Česko
|y 20.-21. století
|2 czenas
|
| 650 |
0 |
7 |
|a publicistky
|7 ph202175
|x dětství
|2 czenas
|
| 650 |
0 |
7 |
|a každodenní život
|7 ph121555
|z Československo
|y 1968-1989
|2 czenas
|
| 650 |
0 |
9 |
|a women publicists
|z Czechia
|y 20th-21st centuries
|2 eczenas
|
| 650 |
0 |
9 |
|a women publicists
|x childhood
|2 eczenas
|
| 650 |
0 |
9 |
|a everyday life
|z Czechoslovakia
|y 1968-1989
|2 eczenas
|
| 655 |
|
7 |
|a autobiografické vzpomínky
|7 fd131854
|2 czenas
|
| 655 |
|
9 |
|a autobiographical reminiscences
|2 eczenas
|
| 830 |
|
0 |
|a Moderní próza
|0 s
|
| 910 |
2 |
|
|a BOA001
|b 2-1364.316
|
| 990 |
|
|
|a BK
|
| 995 |
|
|
|a 01
|
| 991 |
|
|
|b 201603
|c NOV
|
| 996 |
6 |
|
|b 2610664001
|c 2-1364.316
|l MZK
|r Sklad / do 1 hodiny
|n 1
|p p.v.
|w 001550725
|u 000010
|a 1
|e BOA001
|j MZK50
|s P
|